000 00994nam a22003257a 4500
001 000025287
003 CHAP
005 20220817041759.0
008 971013s1967 r 00010 d
010 _a24241
011 _a25213
035 _a29313
040 _cCHAP
090 _aFolleto 1667
110 2 _aIndiana. Agricultural Experiment Station. Lafayette, Ind.
_957559
245 1 0 _aAnnual Indiana cattle feeders day, april 21, 1967.
260 _aLafayette :
_bIndiana,
_c1967.
300 _apág. varía.
590 _aBATCH-UPD
_b10
_c20130110
_lUCH01
_h1546
590 _aBATCH-UPD
_b10
_c20130410
_lUCH01
_h0946
590 _aBATCH-UPD
_b10
_c20130914
_lUCH01
_h1845
590 _aCONVERSION
_b10
_c20130109
_lUCH01
_h1314
590 _aE5995AHE
_b05
_c20141215
_lUCH01
_h1123
650 1 4 _aAlimentos y alimentacion del ganado.
_94326
650 1 4 _aNutrición animal.
901 _aBK
942 _cFOLL
942 _n0
949 _aFolleto 1667
_bBC
_cFOLL
_d-67730
_eTS1
_i29313
_si
999 _c24241
_d24241